000
00212 a2200097 4500
001
13510
100
_a
Rosenne S
245
_a
The world court
260
_a
New York
_b
D W sythoff leyden
_c
090
_c
10514
_d
10514
942
_a
NUST-CAE
_c
M
_c
575
999
_c
248583
_d
248583